| 000 | 00504nam a2200157Ia 4500 | ||
|---|---|---|---|
| 008 | 151213s9999 xx 000 0 und d | ||
| 100 | _aPau;d J. Tocci, Neals. Widmer, Gregory L. Moss | ||
| 245 |
_aDigital Systems, Principles & Applications _cPau;d J. Tocci, Neals. Widmer, Gregory L. Moss |
||
| 250 | _a9th | ||
| 260 |
_aU S A _bPearson Prentic Hall _c2004 |
||
| 300 | _a4924 p. | ||
| 650 | _aComputer | ||
| 650 | _aComputer | ||
| 700 | _aPau;d J. Tocci, Neals. Widmer, Gregory L. Moss | ||
| 999 |
_c3091 _d3091 |
||